[Event "London Classic Open 2017"]
[Site "London ENG"]
[Date "2017.12.07"]
[Round "7.103"]
[White "Ensmenger, Hugo"]
[Black "Rogacewicz, Mikolaj"]
[Result "1-0"]
[WhiteElo "1829"]
[BlackElo "1961"]
[WhiteFideId "1317407"]
[BlackFideId "21842981"]
[EventDate "2017.12.02"]

1. d4 e6 2. Bf4 c5 3. e3 Qb6 4. Nc3 Qxb2 5. Nb5 Na6 6. Rb1 Qxa2 7. Ra1 Qb2 8.
Rb1 Qa2 9. Ra1 Qb2 10. c3 cxd4 11. Rb1 Qa2 12. Ra1 Qb2 13. Rb1 Qa2 14. Ra1 Qd5
15. Rxa6 Kd8 16. Ra4 e5 17. Bg3 Bc5 18. exd4 exd4 19. cxd4 Be7 20. Nf3 Nf6 21.
Be2 d6 22. Qc2 Bd7 23. Rb4 Rc8 24. Rc4 Bc6 25. O-O Ra8 26. Nc3 Qa5 27. Qb2 d5
28. Rxc6 bxc6 29. Ne5 Qb6 30. Qc2 Ke8 31. Rb1 Qxd4 32. Nxc6 Qc5 33. Rb7 Bd6 34.
Bxd6 Qxd6 35. Nb5 Qc5 36. Nc7+ Kf8 37. Nxa8 g6 38. Rb8+ Kg7 39. Rxh8 Kxh8 40. g3
Qd6 41. Nxa7 Kg7 42. Nb5 Qe5 43. Nac7 h5 44. Qd2 Kh7 45. Qd4 Qe7 46. Bf3 Qe1+
47. Kg2 Ne4 48. Bxe4 dxe4 49. Ne8 Kh6 50. h4 1-0

[Event "London Classic Open 2017"]
[Site "London ENG"]
[Date "2017.12.07"]
[Round "7.104"]
[White "Tombolis, Christopher"]
[Black "Frank, Tena"]
[Result "0-1"]
[BlackTitle "WFM"]
[WhiteElo "1799"]
[BlackElo "1944"]
[WhiteFideId "433691"]
[BlackFideId "4624297"]
[EventDate "2017.12.02"]

1. d4 d5 2. c4 c6 3. Nf3 e6 4. e3 Nf6 5. Nc3 Nbd7 6. Bd3 dxc4 7. Bxc4 b5 8. Bd3
Bb7 9. O-O a6 10. Qe2 c5 11. Rd1 cxd4 12. exd4 Be7 13. Ne5 O-O 14. Bf4 Nd5 15.
Nxd5 Bxd5 16. Bc2 Nf6 17. h4 Rc8 18. Bg5 Ba8 19. Bb3 Nd5 20. Qg4 Nf6 21. Bxf6
Bxf6 22. Nxf7 Rxf7 23. Bxe6 Rc7 24. Rac1 Kf8 25. Bxf7 Kxf7 26. Rxc7+ Qxc7 27.
Qh5+ Kf8 28. Qxh7 Bd5 29. Qh8+ Bg8 30. Qh5 Bf7 31. Qf3 Qd8 32. h5 Qd5 33. Qa3+
Kg8 34. h6 Qxa2 35. Qd3 Qd5 36. h7+ Kh8 37. Rc1 Be6 38. Re1 Bf5 39. Qd1 Bxh7 40.
Re8+ Bg8 41. Qd3 Qd7 42. Qg6 Qd5 43. Re3 Bf7 44. Rh3+ Kg8 45. Qh7+ Kf8 46. Qh8+
Bg8 47. Rc3 Qxd4 48. Rc8+ Bd8 49. Rc3 Qd1+ 50. Kh2 Qd6+ 51. g3 Qh6+ 52. Qxh6
gxh6 53. Rc6 a5 54. Rxh6 a4 55. Ra6 Bc4 56. f4 Kf7 57. g4 Bf6 58. Ra7+ Kg8 59.
Ra8+ Kg7 60. Ra7+ Bf7 61. g5 Bxb2 62. f5 a3 63. g6 a2 64. Rxf7+ Kg8 65. Re7 a1=Q
66. Re8+ Kg7 67. Re7+ Kh6 68. Rh7+ Kg5 69. f6 Bxf6 70. Kh3 Kxg6 71. Rd7 Qf1+ 72.
Kg3 Be5+ 73. Kh4 Qf2+ 74. Kg4 Qg3# 0-1

[Event "London Classic Open 2017"]
[Site "London ENG"]
[Date "2017.12.07"]
[Round "7.105"]
[White "Siddharth, Gopakumar"]
[Black "Sellmair, Reinhard"]
[Result "1/2-1/2"]
[WhiteElo "1808"]
[BlackElo "1936"]
[WhiteFideId "5053463"]
[BlackFideId "12946990"]
[EventDate "2017.12.02"]

1. d4 d5 2. c4 e6 3. Nc3 c5 4. cxd5 exd5 5. Nf3 Nc6 6. dxc5 Be6 7. e3 Bxc5 8.
Bb5 a6 9. Ba4 Nf6 10. O-O O-O 11. a3 b5 12. b4 Nxb4 13. axb4 Bxb4 14. Qd4 Bxc3
15. Qxc3 bxa4 16. Rxa4 Qc8 17. Qe5 Ne4 18. Ng5 Nxg5 19. Qxg5 f6 20. Qg3 Qc2 21.
Rh4 Rfc8 22. Ba3 Rc4 23. Rxc4 dxc4 24. Qd6 Qe4 25. Rd1 Bf7 26. Qb6 Qe8 27. h3 h6
28. Bb4 Qb5 29. Rd8+ Rxd8 30. Qxd8+ Kh7 31. Qd2 Qd5 32. Qxd5 Bxd5 33. f3 f5 34.
Kf2 g5 35. g4 Be6 36. Kg3 Kg6 37. f4 Bd5 38. Bc3 Be4 39. fxg5 hxg5 40. h4 fxg4
41. Kxg4 Bf5+ 42. Kg3 g4 43. e4 Bd7 44. Kf4 Kh5 45. Kg3 Be6 46. e5 Bd5 47. Ba5
Be6 48. Bc3 Bd7 1/2-1/2

[Event "London Classic Open 2017"]
[Site "London ENG"]
[Date "2017.12.07"]
[Round "7.106"]
[White "Vachtfeidl, Petr"]
[Black "Selkirk, Rebecca"]
[Result "1/2-1/2"]
[WhiteElo "1934"]
[BlackElo "1747"]
[WhiteFideId "315028"]
[BlackFideId "14306514"]
[EventDate "2017.12.02"]

1. d4 d5 2. c4 c6 3. Nf3 Nf6 4. Nc3 e6 5. Bg5 h6 6. Bxf6 Qxf6 7. e3 Nd7 8. cxd5
exd5 9. Bd3 Nb6 10. Qc2 Bd6 11. h3 Bd7 12. Ke2 O-O-O 13. a3 Kb8 14. b4 Nc8 15.
Rhb1 Ne7 16. b5 Rc8 17. Qb3 Rc7 18. bxc6 Bxc6 19. a4 g5 20. a5 Ka8 21. Bb5 Qf5
22. Bxc6 bxc6 23. a6 Rd7 24. g4 Qe6 25. Na4 Rb8 26. Qc3 Rdd8 27. Nc5 Qg6 28. Rb7
Nc8 29. Ne5 Bxe5 30. dxe5 Nb6 31. f4 gxf4 32. exf4 h5 33. Qd3 Qg8 34. Qf5 hxg4
35. hxg4 Qh8 36. Qh5 Rxb7 37. Nxb7 Qf8 38. Nxd8 Qb4 39. Rd1 Qe4+ 40. Kf2 Qc2+
41. Ke1 Qe4+ 42. Kf1 Qf3+ 43. Ke1 Qe3+ 1/2-1/2

[Event "London Classic Open 2017"]
[Site "London ENG"]
[Date "2017.12.07"]
[Round "7.107"]
[White "Zhao, Haolin"]
[Black "Shepherd, Katherine M"]
[Result "1-0"]
[WhiteElo "1715"]
[BlackElo "1929"]
[WhiteFideId "428680"]
[BlackFideId "412031"]
[EventDate "2017.12.02"]

1. e4 e6 2. d4 d5 3. Nd2 Be7 4. Bd3 c5 5. dxc5 Nf6 6. exd5 Qxd5 7. Ngf3 Nbd7 8.
Nb3 Nxc5 9. Nxc5 Qxc5 10. O-O O-O 11. b3 b6 12. Bb2 Bb7 13. c4 Rfd8 14. Qe2 Qh5
15. Rad1 Rac8 16. Bc2 Nd7 17. Be4 Ba6 18. Nd4 Qxe2 19. Nxe2 Bf6 20. Nc3 g6 21.
Na4 Bxb2 22. Nxb2 Nc5 23. Bf3 Bb7 24. Bxb7 Nxb7 25. f3 Kf8 26. Kf2 Ke7 27. Ke2
Rc5 28. Rxd8 Nxd8 29. Rd1 Nc6 30. Nd3 Ra5 31. Rd2 Rh5 32. h3 e5 33. Ke3 f5 34.
Nf2 f4+ 35. Ke4 Ke6 36. Nd1 Nb4 37. Nc3 Na6 38. Kd3 Rf5 39. Ne4 h6 40. Kc3 Rf7
41. Rd6+ Kf5 42. Rc6 Rf8 43. b4 Nb8 44. Rd6 h5 45. c5 bxc5 46. bxc5 g5 47. Rh6
g4 48. h4 Rd8 49. Nd6+ Rxd6 50. cxd6 e4 51. Rxh5+ Ke6 52. fxe4 Nd7 53. Rf5 Kxd6
54. Rxf4 Ke5 55. Rxg4 Nf6 56. Rg5+ Kxe4 57. g3 Ke3 58. a4 Ne4+ 59. Kc4 Nd2+ 60.
Kb5 Nb1 61. Ka6 Nc3 62. a5 Ne4 63. Re5 1-0

[Event "London Classic Open 2017"]
[Site "London ENG"]
[Date "2017.12.07"]
[Round "7.108"]
[White "Everett, Joe"]
[Black "Mohnblatt, Daniel"]
[Result "1/2-1/2"]
[WhiteElo "1922"]
[BlackElo "1734"]
[WhiteFideId "443204"]
[BlackFideId "648582"]
[EventDate "2017.12.02"]

1. d4 Nf6 2. c4 e6 3. Nc3 Bb4 4. Qc2 O-O 5. Nf3 d6 6. e4 d5 7. e5 Ne4 8. Bd3 f5
9. exf6 Nxf6 10. O-O c5 11. cxd5 exd5 12. Bg5 h6 13. Bxf6 Rxf6 14. Nxd5 Rxf3 15.
gxf3 Bh3 16. Kh1 Bxf1 17. Rxf1 Kh8 18. Nf4 g5 19. Ng6+ Kg7 20. a3 Ba5 21. dxc5
Qf6 22. Be4 Nc6 23. Rd1 Rd8 24. Rxd8 Bxd8 25. f4 Bc7 26. fxg5 hxg5 27. f3 Nd4
28. Qa4 Ne6 29. Qe8 b6 30. Qh8+ Kf7 31. cxb6 axb6 32. Qh7+ Qg7 33. Qh5 Kf6 34.
Qg4 Qd7 35. Qf5+ Kg7 36. Bd3 Qd6 37. f4 Qc6+ 38. Qe4 Qxe4+ 39. Bxe4 Nxf4 40. Ne7
Kf6 41. Nc6 Ke6 42. Kg1 Nh5 43. Bf3 Nf6 44. Nb4 Bf4 45. h3 Bd6 46. Kf2 Nd7 47.
Nd3 Be5 48. Nxe5 Kxe5 49. Ke3 Nf6 50. b4 Ne8 51. Kd3 Nd6 52. a4 Kf5 53. Bg4+ Ke5
54. Bd7 Kd5 55. Bg4 Ke5 56. Kc3 Ne4+ 57. Kb3 Kd4 58. Bd7 Nd2+ 59. Kc2 Nc4 60.
Bb5 Na3+ 61. Kb3 Nxb5 1/2-1/2

[Event "London Classic Open 2017"]
[Site "London ENG"]
[Date "2017.12.07"]
[Round "7.109"]
[White "De Coverly, Roger D"]
[Black "Islam, Mohammed"]
[Result "1-0"]
[WhiteElo "1921"]
[BlackElo "1731"]
[WhiteFideId "405213"]
[BlackFideId "10211870"]
[EventDate "2017.12.02"]

1. e4 e5 2. Nf3 Nc6 3. Bb5 a6 4. Ba4 Nf6 5. O-O b5 6. Bb3 Be7 7. Re1 O-O 8. d4
d6 9. c3 Bb7 10. Nbd2 Re8 11. Nf1 Na5 12. Bc2 Bf8 13. Ng3 g6 14. a4 Nc4 15. b3
Nb6 16. dxe5 dxe5 17. Qxd8 Raxd8 18. axb5 axb5 19. Ra7 Rb8 20. Bd3 Nc8 21. Ra2
Nd6 22. h3 Nd7 23. Nd2 Nc5 24. Bc2 Ra8 25. Rxa8 Rxa8 26. b4 Na4 27. Ne2 Bh6 28.
f3 Nb6 29. Nb3 Bxc1 30. Nexc1 Ndc4 31. Nc5 Bc8 32. Ne2 Ra3 33. Bd3 c6 34. Bxc4
Nxc4 35. Rd1 Kg7 36. Rd8 Nb6 37. Kf2 Be6 38. Nxe6+ fxe6 39. Rd6 Na4 40. Rxc6 Kf6
41. Rc7 h6 42. Rb7 Ra2 43. Ke3 h5 44. g3 g5 45. Rc7 Nb2 46. Rd7 Ra1 47. f4 exf4+
48. gxf4 g4 49. hxg4 hxg4 50. Kf2 Nc4 51. e5+ Kg6 1-0

[Event "London Classic Open 2017"]
[Site "London ENG"]
[Date "2017.12.07"]
[Round "7.110"]
[White "Marcos Herrero, Francisco"]
[Black "Sheedy, Shane"]
[Result "1-0"]
[WhiteElo "1897"]
[BlackElo "1620"]
[WhiteFideId "2279045"]
[BlackFideId "2507536"]
[EventDate "2017.12.02"]

1. Nf3 g6 2. c4 Bg7 3. d4 d6 4. Nc3 Na6 5. g3 c5 6. d5 Nf6 7. Bg2 O-O 8. O-O Bg4
9. h3 Bxf3 10. Bxf3 Nc7 11. e4 Qd7 12. Kg2 b5 13. cxb5 Nxb5 14. Nxb5 Qxb5 15.
Rb1 a5 16. h4 Nd7 17. Bg5 f6 18. Bf4 Ne5 19. Bxe5 fxe5 20. h5 Rf6 21. Bg4 Qc4
22. Be6+ Rxe6 23. dxe6 Qxe4+ 24. Qf3 Qxf3+ 25. Kxf3 Rf8+ 26. Ke4 g5 27. f3 Bh6
28. Rf2 Rf6 29. Kd5 g4 30. Rd1 Be3 31. Re2 Bd4 32. f4 exf4 33. gxf4 Rf5+ 34. Kc6
g3 35. Rg2 Rxh5 36. Rxg3+ Kf8 37. Kd7 Rh2 38. b3 h5 39. f5 Re2 40. Rh1 Be5 41.
Rgh3 h4 42. Rxh4 Rg2 43. Rh7 Bf6 44. Rf7+ Kg8 45. Rxf6 exf6 46. e7 Rg7 47. Kd8 1-0

[Event "London Classic Open 2017"]
[Site "London ENG"]
[Date "2017.12.07"]
[Round "7.111"]
[White "Newton, Andrew"]
[Black "Dror, Levi"]
[Result "1-0"]
[WhiteElo "1886"]
[BlackElo "1677"]
[WhiteFideId "2403285"]
[BlackFideId "2809583"]
[EventDate "2017.12.02"]

1. d4 Nf6 2. c4 g6 3. Nc3 Bg7 4. e4 d6 5. Nf3 O-O 6. Be2 e5 7. Be3 Nc6 8. d5 Ne7
9. Nd2 Nd7 10. b4 f5 11. f3 f4 12. Bf2 a5 13. bxa5 Rxa5 14. Nb3 Ra8 15. c5 g5
16. a4 Nf6 17. cxd6 cxd6 18. a5 Ng6 19. Nb5 h5 20. Bb6 Qe7 21. Nc7 Rb8 22. Ba7
Qxc7 23. Rc1 Qe7 24. Bxb8 Bd7 25. Ba7 g4 26. Bf2 h4 27. Rc7 g3 28. hxg3 fxg3 29.
Be3 Qd8 30. Qc1 Nh5 31. Bg5 Qe8 32. Bxh4 Ngf4 33. Bf1 Bh6 34. Qc2 Ng6 35. Bxg3
Nxg3 36. Rxh6 Ba4 37. Rhh7 Nf4 38. Rc8 Kxh7 39. Rxe8 Bxe8 40. Qc7+ Rf7 41. Qxd6
Kg7 42. Qe6 Nxf1 43. Qxe8 Re7 44. Qxe7+ 1-0

[Event "London Classic Open 2017"]
[Site "London ENG"]
[Date "2017.12.07"]
[Round "7.112"]
[White "Parry, Jacques"]
[Black "Balaji, Aaravamudhan"]
[Result "0-1"]
[WhiteElo "1596"]
[BlackElo "1884"]
[WhiteFideId "425923"]
[BlackFideId "436224"]
[EventDate "2017.12.02"]

1. e4 d6 2. d4 Nf6 3. Nc3 g6 4. f4 Bg7 5. Nf3 O-O 6. Bd3 Nc6 7. O-O Bg4 8. e5
dxe5 9. dxe5 Nd5 10. Nxd5 Qxd5 11. h3 Bxf3 12. Qxf3 Qxf3 13. Rxf3 f6 14. exf6
exf6 15. c3 Rad8 16. Bc4+ Kh8 17. Be3 Rfe8 18. Re1 Re4 19. Bb5 Rde8 20. Kf2 Bf8
21. Bd2 Bc5+ 22. Kf1 f5 23. Rd3 Bd6 24. g3 Kg7 25. b4 Rd8 26. Ba4 Be7 27. Rxd8
Rxe1+ 28. Kxe1 Nxd8 29. Ke2 Nf7 30. Kf3 Nd6 31. Bc2 Bf6 32. Bd3 Kf7 33. c4 Ne8
34. c5 Ng7 35. Bc4+ Ne6 36. Ke3 Ke7 37. Bxe6 Kxe6 38. Kd3 Kd5 39. Be3 c6 40. a4
a5 41. b5 cxb5 42. axb5 Be7 43. c6 bxc6 44. bxc6 Kxc6 45. Kc4 Bd8 46. g4 Bc7 47.
Bd2 a4 48. Kb4 Kd5 49. Kxa4 Ke4 50. Kb4 Bxf4 0-1

[Event "London Classic Open 2017"]
[Site "London ENG"]
[Date "2017.12.07"]
[Round "7.113"]
[White "Sarvesh, Kumar A"]
[Black "Thatte, Nishchal"]
[Result "1-0"]
[WhiteElo "1877"]
[BlackElo "1617"]
[WhiteFideId "35019236"]
[BlackFideId "447234"]
[EventDate "2017.12.02"]

1. e4 e6 2. d4 d5 3. Nc3 Bb4 4. e5 c5 5. a3 Bxc3+ 6. bxc3 Ne7 7. Qg4 Qc7 8. Bd3
Nbc6 9. Qxg7 Rg8 10. Qxh7 cxd4 11. Ne2 dxc3 12. f4 Bd7 13. Be3 d4 14. Bxd4 Rxg2
15. Qe4 Rg8 16. Bxc3 Nb8 17. Qc4 Qxc4 18. Bxc4 Bc6 19. Rg1 Rh8 20. O-O-O Rxh2
21. f5 b5 22. f6 bxc4 23. fxe7 Na6 24. Rd6 Kxe7 25. Rxc6 Nb8 26. Rc8 Rxe2 27.
Rgg8 Re3 28. Bb4+ Kd7 29. Rgd8# 1-0

[Event "London Classic Open 2017"]
[Site "London ENG"]
[Date "2017.12.07"]
[Round "7.116"]
[White "De Lagontrie, Jean"]
[Black "Volovich, Julia"]
[Result "0-1"]
[WhiteElo "1823"]
[BlackElo "1546"]
[WhiteFideId "605271"]
[BlackFideId "447099"]
[EventDate "2017.12.02"]

1. d4 f5 2. e4 fxe4 3. Nc3 Nf6 4. Bg5 g6 5. h4 Bg7 6. h5 d5 7. h6 Bf8 8. Qd2 Bf5
9. O-O-O Nbd7 10. Nge2 c6 11. Ng3 Bg4 12. Be2 Bxe2 13. Qxe2 Qc7 14. Rh3 O-O-O
15. f3 e5 16. fxe4 exd4 17. Rxd4 Qe5 18. Qd2 Bc5 19. Rd3 Rdf8 20. exd5 Nxd5 21.
Nxd5 Rf2 22. Bf4 Rxd2 23. Bxe5 Rxd3 24. Bxh8 Rxd5 25. Ne2 Rg5 26. Nf4 Bd6 27.
Rh4 Rg3 28. Nd3 Rxg2 29. b4 Rh2 30. Rxh2 Bxh2 31. Kd1 Kd8 32. Ke2 Ke7 33. Kf3
Ke6 34. c4 Be5 35. Bg7 Bxg7 36. hxg7 Kf7 37. g8=Q+ Kxg8 38. a4 Kf7 39. Kf4 Kf6
40. c5 g5+ 41. Ke4 Ke6 42. b5 cxb5 43. axb5 b6 44. c6 Nc5+ 45. Nxc5+ bxc5 46.
Kf3 Kd6 0-1

[Event "London Classic Open 2017"]
[Site "London ENG"]
[Date "2017.12.07"]
[Round "7.117"]
[White "Solli, Oddvar"]
[Black "Fuglesang, Michael W."]
[Result "0-1"]
[WhiteElo "1784"]
[BlackElo "1739"]
[WhiteFideId "1501208"]
[BlackFideId "1525077"]
[EventDate "2017.12.02"]

1. Nf3 d5 2. c4 e6 3. g3 c5 4. cxd5 exd5 5. d4 Nc6 6. Bg2 Nf6 7. O-O Be7 8. Nc3
O-O 9. Bg5 c4 10. b3 Qa5 11. Bd2 Bf5 12. Nh4 Bb4 13. Nxf5 Bxc3 14. Bxc3 Qxc3 15.
Rc1 Qa5 16. bxc4 dxc4 17. Nd6 Qxa2 18. Nxb7 Nb4 19. Nd6 Rfc8 20. Nxc8 Rxc8 21.
Ra1 Qb2 22. Qb1 c3 23. Ra4 Qxb1 24. Rxb1 c2 25. Rc1 Nfd5 26. Kf1 Nc3 27. Raa1
Nca2 28. Ke1 Nxc1 29. Rxc1 Na2 30. Kd2 Nxc1 31. Kxc1 f5 32. Bd5+ Kf8 33. Bb3 Ke7
34. Bxc2 Kd6 35. Kd2 g6 36. f3 Kd5 37. Kd3 Rb8 38. e4+ fxe4+ 39. fxe4+ Kd6 40.
Bd1 Rb1 41. e5+ Ke7 42. Bf3 a5 43. d5 Rb3+ 44. Ke4 Rxf3 0-1

[Event "London Classic Open 2017"]
[Site "London ENG"]
[Date "2017.12.07"]
[Round "7.118"]
[White "Haynes, Noah"]
[Black "Mc Aleenan, Charles"]
[Result "1/2-1/2"]
[WhiteElo "1535"]
[BlackElo "1762"]
[WhiteFideId "1543172"]
[BlackFideId "2461617"]
[EventDate "2017.12.02"]

1. d4 d6 2. Nf3 Nf6 3. c4 Nbd7 4. Nc3 e5 5. e4 Be7 6. Be2 O-O 7. O-O c6 8. a4 a5
9. Be3 Ng4 10. Bd2 Qc7 11. h3 Ngf6 12. Rc1 exd4 13. Nxd4 Nc5 14. Qc2 Re8 15.
Rfe1 Bf8 16. Bf1 g6 17. Bf4 Bg7 18. Nf3 Nfd7 19. Rcd1 Ne5 20. Nxe5 dxe5 21. Be3
Qe7 22. Rd2 Ne6 23. Ne2 Nc5 24. Red1 f5 25. f3 f4 26. Bf2 Bf8 27. Nc1 g5 28. Nd3
Na6 29. Qc3 Qc7 30. c5 h5 31. Be2 Bg7 32. Be1 Bf6 33. Nf2 1/2-1/2

[Event "London Classic Open 2017"]
[Site "London ENG"]
[Date "2017.12.07"]
[Round "7.119"]
[White "Dunn, Maxim"]
[Black "Lee, Chulwoo"]
[Result "1/2-1/2"]
[WhiteElo "1757"]
[BlackElo "1607"]
[WhiteFideId "456551"]
[BlackFideId "34117277"]
[EventDate "2017.12.02"]

1. c4 e5 2. g3 Nf6 3. Bg2 Bc5 4. Nc3 d6 5. d3 Nc6 6. Nf3 h6 7. O-O Bd7 8. a3 Qc8
9. e3 O-O 10. b4 Bb6 11. d4 exd4 12. exd4 a6 13. Bb2 Bg4 14. c5 dxc5 15. dxc5
Rd8 16. Qc1 Ba7 17. Nd1 Bxf3 18. Bxf3 Nd4 19. Bxd4 Rxd4 20. Qc3 Rd8 21. Ne3 c6
22. Nc4 Nd5 23. Qb3 Qe6 24. Rfe1 Qf6 25. Nd6 b6 26. Bxd5 cxd5 27. Qxd5 bxc5 28.
bxc5 Rac8 29. Rac1 Bb8 30. Qb7 Bxd6 31. cxd6 Rxc1 32. Rxc1 Qxd6 33. a4 Rb8 34.
Rc8+ Rxc8 35. Qxc8+ Kh7 36. Qb7 Qd1+ 37. Kg2 Qxa4 38. Qxf7 Qb5 39. f4 a5 40. Qa2
Qc6+ 41. Kf2 Qc5+ 42. Kg2 1/2-1/2

[Event "London Classic Open 2017"]
[Site "London ENG"]
[Date "2017.12.07"]
[Round "7.120"]
[White "Robinson, James"]
[Black "Haddock, Paul"]
[Result "1/2-1/2"]
[WhiteElo "1754"]
[BlackElo "1576"]
[WhiteFideId "426784"]
[BlackFideId "419150"]
[EventDate "2017.12.02"]

1. d4 Nf6 2. c4 g6 3. Nc3 Bg7 4. e4 d6 5. f3 O-O 6. Be3 c6 7. Bd3 Nbd7 8. Nge2
a6 9. Qd2 b5 10. O-O bxc4 11. Bxc4 Qc7 12. Rac1 Nb6 13. Bb3 a5 14. a3 a4 15. Ba2
Ba6 16. Nb1 Qb7 17. Rc2 Rfc8 18. Rfc1 Nbd7 19. Bc4 Bxc4 20. Rxc4 d5 21. Rb4 Qa6
22. e5 Ne8 23. Nf4 e6 24. Nd3 f6 25. f4 Bh6 26. Nc3 Rab8 27. Rxa4 Qb7 28. Rb4
Qc7 29. Na4 Nb6 30. Nxb6 Rxb6 31. Kf2 Bf8 32. Nc5 Bxc5 33. Rxc5 Qb7 34. Rxb6
Qxb6 35. Qc3 fxe5 36. fxe5 Ng7 37. g4 Rf8+ 38. Ke2 Qa6+ 39. Qd3 Qb7 40. b4 Qf7
41. Kd2 Qf3 42. Qe2 Qe4 43. Rxc6 Qb1 44. Rc2 Qa1 45. Qa6 Qh1 46. a4 Qxh2+ 47.
Qe2 Qh1 48. Rc1 Qe4 49. a5 h5 50. a6 hxg4 51. a7 Nf5 52. Qd3 Qg2+ 53. Qe2 Qe4
54. Rf1 Rc8 55. Qd3 Qxd3+ 56. Kxd3 Ra8 57. Ra1 Ne7 58. b5 Nc8 59. Bf2 Rxa7 60.
Rxa7 Nxa7 61. b6 Nc6 62. b7 Kf8 63. Be1 Ke7 64. Ke3 Kd7 65. Ba5 Nb8 66. Kf4 Kc6
67. Kxg4 Kxb7 68. Kg5 Nc6 69. Bc3 Kc8 70. Kxg6 Kd7 71. Kf6 Ne7 72. Bb4 Nf5 73.
Bc5 Ne3 1/2-1/2

[Event "London Classic Open 2017"]
[Site "London ENG"]
[Date "2017.12.07"]
[Round "7.121"]
[White "Levy, Christopher A"]
[Black "Cotter, Len"]
[Result "1-0"]
[WhiteElo "1526"]
[BlackElo "1700"]
[WhiteFideId "431320"]
[BlackFideId "431419"]
[EventDate "2017.12.02"]

1. d4 e6 2. Nc3 d5 3. Bf4 c6 4. e3 f5 5. Qh5+ g6 6. Qf3 Nf6 7. h4 Nh5 8. Be5 Rg8
9. Nge2 Nd7 10. Nf4 Nxe5 11. dxe5 Nxf4 12. exf4 Bd7 13. Ne2 Qe7 14. c3 c5 15.
Qe3 Bc6 16. O-O-O a5 17. Ng3 b5 18. Be2 c4 19. Bf3 Qb7 20. h5 b4 21. Ne2 Rb8 22.
Rd2 a4 23. cxb4 Qxb4 24. a3 Qa5 25. Nd4 Bd7 26. Rc2 Bc5 27. g4 Qa7 28. Rd1 Rb3
29. Rc3 Rb7 30. hxg6 hxg6 31. gxf5 gxf5 32. Qd2 Qb6 33. Nxf5 Rf8 34. Nd6+ Bxd6
35. exd6 Qxd6 36. Rxc4 Qb8 37. Bh5+ Kd8 38. Rc2 Rxf4 39. Qc3 Rf8 40. Qe3 Rc7 41.
Qg5+ Kc8 42. Rd2 Kb7 43. Kb1 Rfc8 44. Qe3 Rc6 45. Qd4 Qd6 46. f4 R8c7 47. Bf3
Kb8 48. Qe5 Qxe5 49. fxe5 Rxc2 50. Rxc2 Bb5 51. Rxc7 Kxc7 52. Kc2 Kc6 53. Bg4
Kd7 54. Kc3 Bc4 55. Bd1 Bb5 56. Kb4 Bc6 57. Bxa4 d4 58. Bxc6+ Kxc6 59. Kc4 d3
60. Kxd3 Kd5 61. a4 Kxe5 62. b4 1-0

[Event "London Classic Open 2017"]
[Site "London ENG"]
[Date "2017.12.07"]
[Round "7.124"]
[White "Thatte, Nandinee"]
[Black "Cheung, Ryan"]
[Result "0-1"]
[WhiteElo "1257"]
[BlackElo "1610"]
[WhiteFideId "64300625"]
[BlackFideId "1804995"]
[EventDate "2017.12.02"]

1. d4 Nf6 2. c4 e6 3. Nc3 Bb4 4. Qc2 c5 5. dxc5 Bxc5 6. h3 O-O 7. Bg5 Be7 8. Nf3
Nc6 9. e4 d6 10. Rd1 h6 11. Bh4 Qc7 12. Bg3 Rd8 13. Be2 a6 14. a3 b6 15. O-O Bb7
16. Rfe1 Rac8 17. Bd3 Bf8 18. e5 dxe5 19. Nxe5 Nxe5 20. Bxe5 Qc6 21. f3 Be7 22.
Ne4 Nd7 23. Bd6 Bf8 24. Bxf8 Kxf8 25. Ng3 b5 26. Rc1 bxc4 27. Qxc4 Qb6+ 28. Kh2
Rxc4 29. Rxc4 Qxb2 30. Rb4 Qd2 31. Reb1 Nc5 32. Rxb7 Nxb7 33. Bxa6 Nc5 34. Be2
Qa2 35. Rc1 Qxa3 36. Rb1 g6 37. Kh1 Qa2 38. Rc1 Nb3 39. Re1 Rd2 40. Kh2 Nd4 41.
Rc1 Nxe2 42. Rc8+ Kg7 43. Rg8+ Kxg8 44. Nxe2 Rxe2 45. Kg3 g5 46. Kg4 Qc4+ 47.
Kh5 Qh4# 0-1

[Event "London Classic Open 2017"]
[Site "London ENG"]
[Date "2017.12.07"]
[Round "7.125"]
[White "Perez Bolanos, Joel"]
[Black "Munkhdemberel, Pagamdulam"]
[Result "1-0"]
[WhiteElo "1519"]
[BlackElo "1175"]
[WhiteFideId "24564419"]
[BlackFideId "4907043"]
[EventDate "2017.12.02"]

1. e4 e5 2. Nf3 Nc6 3. Bc4 Nf6 4. d3 Bc5 5. O-O d6 6. h3 O-O 7. Bg5 h6 8. Bh4 a6
9. Nc3 Be6 10. Nd5 Bxd5 11. Bxd5 Re8 12. c3 Bb6 13. a3 Ra7 14. a4 a5 15. Qb3 Rf8
16. Nd2 Nb8 17. Nc4 Nbd7 18. Ne3 Qc8 19. Nf5 Qd8 20. Qc2 Kh8 21. Qd2 Kh7 22. Kh1
Qb8 23. Ba2 c6 24. f4 exf4 25. Qxf4 Bc7 26. Nxg7 d5 27. Qf5+ Kxg7 28. Bxf6+ Nxf6
29. Qxf6+ 1-0

[Event "London Classic Open 2017"]
[Site "London ENG"]
[Date "2017.12.07"]
[Round "7.126"]
[White "Hung, Dylan"]
[Black "Othman, Wael"]
[Result "1-0"]
[WhiteElo "1400"]
[BlackElo "1343"]
[WhiteFideId "426423"]
[BlackFideId "10302158"]
[EventDate "2017.12.02"]

1. c4 d6 2. g3 Nf6 3. Bg2 g6 4. Nc3 Bg7 5. Nf3 a6 6. b4 O-O 7. O-O Bg4 8. Nd4 c6
9. Bb2 e5 10. Nb3 Nbd7 11. b5 Qc7 12. a4 Be6 13. d3 d5 14. Ba3 Rfe8 15. c5 Ng4
16. b6 Qb8 17. d4 e4 18. Bc1 f5 19. Rb1 Bf6 20. f3 exf3 21. exf3 Nxh2 22. Kxh2
g5 23. Ne2 h5 24. Be3 h4 25. f4 g4 26. gxh4 Bxh4 27. Bf2 Be7 28. Bg3 Kf7 29. Rh1
Rh8+ 30. Kg1 Rxh1+ 31. Bxh1 Qh8 32. Bg2 Qh7 33. Qe1 Nf6 34. Na5 Rb8 35. Nc1 Ne4
36. Bf1 Rh8 37. Bg2 Nxg3 38. Qxg3 Bh4 39. Qe3 Bc8 40. Nd3 Re8 41. Ne5+ Kf8 42.
Qd3 Kg7 43. Kf1 Qh6 44. Qd2 Bg3 45. Nd3 Re6 46. Nb3 Qh7 47. Nbc1 Bd7 48. a5 Kf6
49. Ne2 Bh4 50. Nb4 Kg7 51. Nxa6 Re8 52. Nc7 Rh8 53. a6 bxa6 54. b7 Kg6 55. b8=Q
Rxb8 56. Rxb8 g3 57. Qe3 1-0

[Event "London Classic Open 2017"]
[Site "London ENG"]
[Date "2017.12.08"]
[Round "8.1"]
[White "Nabaty, Tamir"]
[Black "Melkumyan, Hrant"]
[Result "1/2-1/2"]
[WhiteTitle "GM"]
[BlackTitle "GM"]
[WhiteElo "2657"]
[BlackElo "2633"]
[WhiteFideId "2809052"]
[BlackFideId "13302485"]
[EventDate "2017.12.02"]

1. d4 d5 2. c4 e6 3. Nc3 Nf6 4. Bg5 Be7 5. e3 O-O 6. Qc2 h6 7. Bh4 c5 8. dxc5
Qa5 9. a3 Nc6 10. Nf3 dxc4 11. Bxc4 Qxc5 12. Bd3 Bd7 13. b4 Qh5 14. h3 Ne5 15.
Nxe5 Qxe5 16. Bg3 Qh5 17. O-O Rfc8 18. Qb3 a5 19. b5 a4 20. Qb2 Qc5 21. Rfc1 Nh5
22. Ne2 Qd5 23. Rxc8+ Rxc8 24. Rd1 Nxg3 25. Nxg3 Qb3 26. Qxb3 axb3 27. Rb1 Rc3
28. Bf1 Bxa3 29. Ne2 Rc2 30. Rxb3 Ra2 31. Rd3 Be8 32. Rd8 Kf8 33. Ra8 Ra1 34.
Rb8 Rb1 35. Nc3 Rc1 36. Ne4 Bb4 37. Rxb7 Rb1 38. g4 Be7 39. Rb8 Rb4 40. Bd3 g6
41. Kf1 Rb3 42. Bc2 Rb4 43. Bd3 Rb3 44. Ke2 f5 45. Nd2 Rb2 46. Kd1 Kf7 47. gxf5
gxf5 48. Be2 Bc6 49. Bc4 Bg2 50. Rb6 Bb4 51. Bxe6+ Ke7 52. Nc4 Rxf2 53. Ne5 Rd2+
54. Kc1 Rd6 55. Ng6+ Kf6 56. Rxd6 Bxd6 57. Bxf5 Bf1 58. Be4 Bxb5 59. Nf4 Kg5 60.
Ne6+ Kf6 61. Nd4 Bd7 62. Bg2 Kg5 63. Nf3+ Kf6 64. Nd2 Bf5 65. Kd1 Bb4 66. Ke2
Be6 67. Ne4+ Ke5 68. Nf2 Bd6 69. Bc6 Bf5 70. Kf3 Kf6 71. Bb5 Bc7 72. Bc6 Bb8 73.
Be8 Kg5 74. Bb5 Kh4 75. Bf1 Bg3 76. Bg2 h5 77. e4 Bxf2 78. Kxf2 Bxe4 79. Bxe4
Kxh3 1/2-1/2